Statistics for Five Shortest World Capital Names by Continent

Click here to take the quiz!

General Stats

  • This quiz has been taken 137 times
  • The average score is 19 of 30

Answer Stats

Continent Capital % Correct
South AmericaLima
97%
Asia7 Capitals
89%
Africa3 Capitals
89%
EuropeOslo
87%
South AmericaQuito
84%
EuropeRome
82%
EuropeRiga
77%
EuropeBern
76%
South AmericaLa Paz
74%
South AmericaBogota
71%
North AmericaHavana
71%
North AmericaOttawa
71%
EuropeKiev
71%
OceaniaSuva
69%
Africa2 Capitals
66%
South AmericaSucre
62%
AfricaLome
61%
OceaniaApia
61%
AsiaBaku
58%
Africa2 Capitals
58%
AsiaDili
58%
AsiaDoha
56%
North America3 Capitals
55%
North AmericaNassau
55%
AfricaJuba
53%
AsiaMale
47%
OceaniaTarawa
43%
OceaniaYaren
41%
North AmericaRoseau
40%
OceaniaMajuro
30%

Score Distribution

Percentile by Number Answered

Percent of People with Each Score

Your Score History

You have not taken this quiz